|
|
|
|
| LEADER |
00000cam a2200000 7i4500 |
| 001 |
0000002204 |
| 002 |
000002404 |
| 005 |
20021003.0 |
| 020 |
|
|
|a 000002404
|
| 090 |
0 |
0 |
|a 597.96
|b SUB
|
| 245 |
0 |
0 |
|a Subtle as a serpent,the versatile and fascinating world of the snake [
|h video recording]
|c John Hedges edited by Leslie Parry
|
| 260 |
|
|
|a s.l :
|b s.n ,
|c 19-
|
| 300 |
|
|
|a 1 video recording (75 minutes) :
|b col.(PAL)
|
| 490 |
0 |
|
|a Wildlife survival series
|
| 500 |
|
|
|a Library has 1 copy
|
| 650 |
0 |
0 |
|a Snakes
|
| 999 |
|
|
|a 00101
|b VIDEO
|c KOLEKSI AUDIO VIDEO
|e PERPUSTAKAAN KOMUNITI PETALING JAYA
|